000 00477nam a2200205Ia 4500
999 _c54199
_d54199
001 21255
003 GE_BSU
005 20211019155948.0
008 181216s? ||||enk|||||||||||||| ||eng||
040 _cGE_BSU
041 _aenk
080 _a821.111(73)-32 S-82
100 _aSteinbeck, John
_912689
245 4 _aThe Pearl /
_cJohn Steinbeck.
264 _aTbilisi :
_b?,
_c?.
300 _a128 p. ;
_c14 cm.
541 _h7 GEL.
653 _aThe Pearl
942 _cBK
_2udc